Villages de France par images - Statistiques

Statistiques générales
  • Ce quiz a été pris 247 fois
  • Le résultat moyen est 5 sur 18
Statistiques - réponses
Par images Réponse % Correct
Le Mont-Saint-Michel
97%
Chambord
67%
Étretat
60%
Rocamadour
57%
Espelette
36%
Saint-Tropez
31%
Bonifacio
30%
Colombey-les-Deux-Églises
30%
Courchevel
25%
Collonges-la-Rouge
20%
Cluny
17%
Gordes
16%
Ouessant
16%
Neuf-Brisach
11%
Solutré-Pouilly
11%
Richelieu
7%
Nantua
5%
Plombières-les-Bains
2%
Aucun quiz correspondant
Distribution des résultats
% des personnes avec chaque résultat
Percentile par nombre de réponses
Votre historique - résultats
Vous n’avez pas pris ce quiz